000 00334 a2200169 4500
001 182505
020 _a85-250-1232-7
040 _cMagnum
100 _aQuintana, Mário
240 1 0 _aCaderno H
_lpor
245 1 0 _aCaderno H
300 _a183
362 0 _a2003
440 1 _aGlobo
697 _aLITERATURA GERAL
942 _cBK
999 _c182505
_d182505